00367nam a22001337a 4500003000900000005001700009008004100026040003300067080001100100100001700111245003500128260004500163300002500208LK-CoDNM20240724111324.0240724b |||||||| |||| 00| 0 eng d aLK-CoDNMdLK-CoDNMeLK-CoDNM a8bX12 aClark,John,r aBeowulf A Metrical Translation aCambridge University PressbLondonc1914 axii , 114p. : 19 cm